| 000 | 00767nam a2200217 a 4500 | ||
|---|---|---|---|
| 005 | 20210223130609.0 | ||
| 008 | 080821s1984 mx r 000 0 spa d | ||
| 035 | _aUPN01000159412 | ||
| 049 | _aUNE | ||
| 080 | _a373.3 (100) =20 OXE No.141. | ||
| 100 | 1 | _aOxenham, John | |
| 245 | 1 | 0 |
_aNew opportunities for change in primary schooling? : _ba discussion paper based on studies in five countries / _cby John Oxenham. |
| 260 |
_aParís : _bUNESCO ; _aNew York : _bUNICEF, _c1984. |
||
| 300 | _a21 p. | ||
| 440 | 0 |
_aNotes, comments... ; _v141 |
|
| 690 | _aEnseñanza primaria - Innovaciones pedagogicas | ||
| 690 | _aOportunidades educacionales - Enseñanza primaria | ||
| 710 | 2 |
_aUNICEF _924085 |
|
| 710 | 2 | _aPrograma de Alimentación Mundial | |
| 905 | _aUNESCO | ||
| 999 |
_c131526 _d131526 |
||